000 00543nam a2200145 a 4500
008 120416s1978 ||||||||||||||||| || u
050 _aBF 121 Psy
100 _aRappoport, Leon
245 1 0 _aPsychology and the problems of today
_cedited by Michael Wertheimer
260 _aGlenview, Ill.
_bScott, Foresman
_c1978
300 _aiv, 439p. : ill.
350 _a0.00
700 _aWertheimer, Michael
995 _D0.00
_FCBU-MAIN LIBRARY (Kitwe)
_H1
_I0.00
_UDAMAGED
_ZMain Library Open Access Collection
999 _c55221
_d55221